[Event "9. Forchheimer Sparkassen Open 2010"]
[Site "Forchheim"]
[Date "2010.10.02"]
[Round "3.31"]
[White "Egert, Stefan"]
[Black "Miller, Eduard"]
[Result "1-0"]
[WhiteElo "2018"]
[BlackElo "2110"]
[PlyCount "117"]
[EventDate "2010.??.??"]
[WhiteTeam "TSV Dietfurt/Altm. e.V."]
[BlackTeam "SC Forchheim e.V."]

1. e4 {[%emt 0:00:00]} c5 {[%emt 0:00:01]} 2. Nc3 {[%emt 0:00:02]} a6 {
[%emt 0:00:01]} 3. f4 {[%emt 0:00:02]} b5 {[%emt 0:00:01]} 4. Nf3 {
[%emt 0:00:03]} Bb7 {[%emt 0:00:02]} 5. d3 {[%emt 0:00:02]} e6 {[%emt 0:00:00]}
6. g3 {[%emt 0:00:02]} d5 {[%emt 0:00:01]} 7. exd5 {[%emt 0:00:02]} exd5 {
[%emt 0:00:01]} 8. Bg2 {[%emt 0:00:02]} Nf6 {[%emt 0:00:01]} 9. O-O {
[%emt 0:00:02]} Be7 {[%emt 0:00:01]} 10. Nh4 {[%emt 0:00:03]} Qd7 {
[%emt 0:00:02]} 11. Re1 {[%emt 0:00:02]} O-O {[%emt 0:00:01]} 12. Bd2 {
[%emt 0:00:02]} Nc6 {[%emt 0:00:01]} 13. Nf3 {[%emt 0:00:03]} d4 {
[%emt 0:00:01]} 14. Ne4 {[%emt 0:00:02]} Nxe4 {[%emt 0:00:02]} 15. Rxe4 {
[%emt 0:00:02]} Bf6 {[%emt 0:00:02]} 16. Re2 {[%emt 0:00:03]} g6 {
[%emt 0:00:01]} 17. Qf1 {[%emt 0:00:03]} a5 {[%emt 0:00:01]} 18. Rae1 {
[%emt 0:00:04]} Nb4 {[%emt 0:00:02]} 19. Bxb4 {[%emt 0:00:02]} axb4 {
[%emt 0:00:01]} 20. Ra1 {[%emt 0:00:02]} Ra6 {[%emt 0:00:02]} 21. Ne5 {
[%emt 0:00:05]} Bxe5 {[%emt 0:00:01]} 22. Rxe5 {[%emt 0:00:02]} Rfa8 {
[%emt 0:00:02]} 23. Bxb7 {[%emt 0:00:02]} Qxb7 {[%emt 0:00:01]} 24. Qe2 {
[%emt 0:00:02]} Qc6 {[%emt 0:00:01]} 25. Kf2 {[%emt 0:00:02]} Kf8 {
[%emt 0:00:01]} 26. Qf3 {[%emt 0:00:02]} Qxf3+ {[%emt 0:00:01]} 27. Kxf3 {
[%emt 0:00:01]} Rc8 {[%emt 0:00:02]} 28. h4 {[%emt 0:00:02]} f6 {[%emt 0:00:01]
} 29. Rd5 {[%emt 0:00:00]} Ke7 {[%emt 0:00:02]} 30. f5 {[%emt 0:00:02]} gxf5 {
[%emt 0:00:02]} 31. Rxf5 {[%emt 0:00:01]} Ke6 {[%emt 0:00:02]} 32. Rh5 {
[%emt 0:00:01]} Rc7 {[%emt 0:00:02]} 33. Kf4 {[%emt 0:00:01]} Kd6 {
[%emt 0:00:02]} 34. Rh6 {[%emt 0:00:04]} Kd5 {[%emt 0:00:01]} 35. Rh5+ {
[%emt 0:00:03]} Kc6 {[%emt 0:00:02]} 36. Rf5 {[%emt 0:00:02]} Kb7 {
[%emt 0:00:01]} 37. Kf3 {[%emt 0:00:02]} Rd6 {[%emt 0:00:02]} 38. g4 {
[%emt 0:00:02]} Kb6 {[%emt 0:00:01]} 39. a4 {[%emt 0:00:01]} bxa3 {
[%emt 0:00:01]} 40. Rxa3 {[%emt 0:00:01]} c4 {[%emt 0:00:01]} 41. Ra8 {
[%emt 0:00:04]} Rb7 {[%emt 0:00:05]} 42. Rf8 {[%emt 0:00:03]} cxd3 {
[%emt 0:00:02]} 43. cxd3 {[%emt 0:00:02]} Ka5 {[%emt 0:00:02]} 44. R8xf6 {
[%emt 0:00:02]} Rxf6 {[%emt 0:00:02]} 45. Rxf6 {[%emt 0:00:01]} Kb4 {
[%emt 0:00:01]} 46. Ke4 {[%emt 0:00:02]} Kb3 {[%emt 0:00:02]} 47. Rf2 {
[%emt 0:00:02]} Rd7 {[%emt 0:00:02]} 48. g5 {[%emt 0:00:01]} b4 {[%emt 0:00:03]
} 49. h5 {[%emt 0:00:03]} Ka2 {[%emt 0:00:03]} 50. g6 {[%emt 0:00:02]} hxg6 {
[%emt 0:00:01]} 51. hxg6 {[%emt 0:00:01]} b3 {[%emt 0:00:01]} 52. Rg2 {
[%emt 0:00:03]} Rc7 {[%emt 0:00:02]} 53. g7 {[%emt 0:00:07]} Rc2 {
[%emt 0:00:04]} 54. g8=Q {[%emt 0:00:07]} Kxb2 {[%emt 0:00:03]} 55. Kxd4 {
[%emt 0:00:02]} Ka1 {[%emt 0:00:03]} 56. Rxc2 {[%emt 0:00:03]} bxc2 {
[%emt 0:00:02]} 57. Qc4 {[%emt 0:00:03]} Kb1 {[%emt 0:00:01]} 58. Ke4 {
[%emt 0:00:07]} c1=Q {[%emt 0:00:04]} 59. Qxc1+ {[%emt 0:00:01]} 1-0

[Event "9. Forchheimer Sparkassen Open 2010"]
[Site "Forchheim"]
[Date "2010.10.02"]
[Round "3.32"]
[White "Bachstein, Dustin"]
[Black "Ott, Florian"]
[Result "1-0"]
[WhiteElo "2103"]
[BlackElo "1849"]
[PlyCount "63"]
[EventDate "2010.??.??"]
[WhiteTeam "SC Erlangen 48/88"]
[BlackTeam "SG Siemens Amberg"]

1. Nf3 {[%emt 0:00:00]} g6 {[%emt 0:00:02]} 2. g3 {[%emt 0:00:02]} Bg7 {
[%emt 0:00:02]} 3. Bg2 {[%emt 0:00:02]} Nf6 {[%emt 0:00:01]} 4. O-O {
[%emt 0:00:03]} O-O {[%emt 0:00:01]} 5. c4 {[%emt 0:00:02]} c5 {[%emt 0:00:01]}
6. d3 {[%emt 0:00:02]} Nc6 {[%emt 0:00:02]} 7. Nbd2 {[%emt 0:00:00]} a6 {
[%emt 0:01:18]} 8. Rb1 {[%emt 0:00:03]} Rb8 {[%emt 0:00:01]} 9. a3 {
[%emt 0:00:02]} b5 {[%emt 0:00:02]} 10. cxb5 {[%emt 0:00:02]} axb5 {
[%emt 0:00:01]} 11. Qc2 {[%emt 0:00:02]} Qb6 {[%emt 0:00:01]} 12. b3 {
[%emt 0:00:02]} d6 {[%emt 0:00:02]} 13. Bb2 {[%emt 0:00:02]} Bd7 {
[%emt 0:00:01]} 14. Rfc1 {[%emt 0:00:03]} Rfc8 {[%emt 0:00:02]} 15. Ng5 {
[%emt 0:00:02]} Nd4 {[%emt 0:00:01]} 16. Bxd4 {[%emt 0:00:01]} cxd4 {
[%emt 0:00:01]} 17. Qb2 {[%emt 0:00:02]} h6 {[%emt 0:00:02]} 18. Nge4 {
[%emt 0:00:02]} Nd5 {[%emt 0:00:02]} 19. Rxc8+ {[%emt 0:00:02]} Rxc8 {
[%emt 0:00:01]} 20. b4 {[%emt 0:00:01]} Nc3 {[%emt 0:00:02]} 21. Re1 {
[%emt 0:00:03]} f5 {[%emt 0:00:02]} 22. Nxc3 {[%emt 0:00:03]} dxc3 {
[%emt 0:00:02]} 23. Qb3+ {[%emt 0:00:01]} Kh7 {[%emt 0:00:03]} 24. Nf1 {
[%emt 0:00:02]} Be8 {[%emt 0:00:02]} 25. Rc1 {[%emt 0:00:03]} Kh8 {
[%emt 0:00:02]} 26. Ne3 {[%emt 0:00:02]} Qd4 {[%emt 0:00:02]} 27. Qe6 {
[%emt 0:00:03]} Rc7 {[%emt 0:00:03]} 28. Bd5 {[%emt 0:00:03]} Bf7 {
[%emt 0:00:02]} 29. Qxf7 {[%emt 0:00:04]} Rc8 {[%emt 0:00:03]} 30. Qxg6 {
[%emt 0:00:02]} c2 {[%emt 0:00:02]} 31. Nxf5 {[%emt 0:00:02]} Qb2 {
[%emt 0:00:02]} 32. Qxg7+ {[%emt 0:00:02]} 1-0

[Event "9. Forchheimer Sparkassen Open 2010"]
[Site "Forchheim"]
[Date "2010.10.02"]
[Round "3.33"]
[White "Becker, Tobias"]
[Black "Fuchs, Gerhard"]
[Result "0-1"]
[WhiteElo "1859"]
[BlackElo "2057"]
[PlyCount "60"]
[EventDate "2010.??.??"]
[WhiteTeam "Kronacher SK 1882 e.V."]
[BlackTeam "SK Nürnberg 1911 e.V."]

1. d4 {[%emt 0:00:00]} d5 {[%emt 0:00:01]} 2. c4 {[%emt 0:00:03]} Nc6 {
[%emt 0:00:01]} 3. Nf3 {[%emt 0:00:10]} Bg4 {[%emt 0:00:02]} 4. Bf4 {
[%emt 0:00:03]} Bxf3 {[%emt 0:00:02]} 5. gxf3 {[%emt 0:00:02]} Nf6 {
[%emt 0:00:02]} 6. Nc3 {[%emt 0:00:02]} e6 {[%emt 0:00:02]} 7. e3 {
[%emt 0:00:02]} Bd6 {[%emt 0:00:02]} 8. Bg3 {[%emt 0:00:02]} dxc4 {
[%emt 0:00:02]} 9. Bxc4 {[%emt 0:00:03]} O-O {[%emt 0:00:01]} 10. Ne4 {
[%emt 0:00:03]} Bb4+ {[%emt 0:00:02]} 11. Kf1 {[%emt 0:00:03]} Nd5 {
[%emt 0:00:02]} 12. a3 {[%emt 0:00:03]} Be7 {[%emt 0:00:02]} 13. Nc3 {
[%emt 0:00:03]} Na5 {[%emt 0:00:03]} 14. Bxd5 {[%emt 0:00:02]} exd5 {
[%emt 0:00:02]} 15. e4 {[%emt 0:00:01]} dxe4 {[%emt 0:00:15]} 16. fxe4 {
[%emt 0:00:01]} Qd7 {[%emt 0:00:03]} 17. Kg2 {[%emt 0:00:04]} f5 {
[%emt 0:00:02]} 18. Be5 {[%emt 0:00:02]} fxe4 {[%emt 0:00:02]} 19. Nxe4 {
[%emt 0:00:03]} Nc4 {[%emt 0:00:02]} 20. Qb3 {[%emt 0:00:03]} Qd5 {
[%emt 0:00:02]} 21. Rhe1 {[%emt 0:00:03]} Rf7 {[%emt 0:00:02]} 22. Rac1 {
[%emt 0:00:02]} b5 {[%emt 0:00:05]} 23. Kg1 {[%emt 0:00:05]} c6 {[%emt 0:00:02]
} 24. Ng3 {[%emt 0:00:02]} Bg5 {[%emt 0:00:02]} 25. Rcd1 {[%emt 0:00:02]} Raf8
{[%emt 0:00:02]} 26. Qc2 {[%emt 0:00:03]} Rxf2 {[%emt 0:00:02]} 27. Qxf2 {
[%emt 0:00:06]} Rxf2 {[%emt 0:00:01]} 28. Kxf2 {[%emt 0:00:01]} Nxb2 {
[%emt 0:00:05]} 29. Nf5 {[%emt 0:00:03]} Nxd1+ {[%emt 0:00:02]} 30. Rxd1 {
[%emt 0:00:02]} Qf7 {[%emt 0:00:02]} 0-1

[Event "9. Forchheimer Sparkassen Open 2010"]
[Site "Forchheim"]
[Date "2010.10.02"]
[Round "3.34"]
[White "Baskin, Robert"]
[Black "Schäfers, Andreas"]
[Result "0-1"]
[WhiteElo "1870"]
[BlackElo "2022"]
[PlyCount "62"]
[EventDate "2010.??.??"]
[WhiteTeam "SAbt TuS Makkabi Ffm"]
[BlackTeam "Schachvereinigung Lüdenscheid e."]

1. e4 {[%emt 0:00:00]} c5 {[%emt 0:00:05]} 2. Nf3 {[%emt 0:00:02]} e6 {
[%emt 0:00:02]} 3. d4 {[%emt 0:00:10]} cxd4 {[%emt 0:00:03]} 4. Nxd4 {
[%emt 0:00:02]} a6 {[%emt 0:00:01]} 5. Bd3 {[%emt 0:00:02]} Nf6 {[%emt 0:00:12]
} 6. O-O {[%emt 0:00:02]} Qc7 {[%emt 0:00:01]} 7. Qe2 {[%emt 0:00:02]} d6 {
[%emt 0:00:01]} 8. Nb3 {[%emt 0:00:03]} Be7 {[%emt 0:00:02]} 9. Nc3 {
[%emt 0:00:02]} b5 {[%emt 0:00:08]} 10. a3 {[%emt 0:00:02]} Bb7 {[%emt 0:00:01]
} 11. Bd2 {[%emt 0:00:06]} Nbd7 {[%emt 0:00:01]} 12. f4 {[%emt 0:00:02]} O-O {
[%emt 0:00:01]} 13. Rae1 {[%emt 0:00:02]} e5 {[%emt 0:00:01]} 14. Rd1 {
[%emt 0:00:02]} Rfe8 {[%emt 0:00:01]} 15. g4 {[%emt 0:00:02]} d5 {
[%emt 0:00:01]} 16. exd5 {[%emt 0:00:02]} Nxd5 {[%emt 0:00:01]} 17. Nxd5 {
[%emt 0:00:02]} Bxd5 {[%emt 0:00:01]} 18. Bxh7+ {[%emt 0:00:02]} Kxh7 {
[%emt 0:00:03]} 19. Qd3+ {[%emt 0:00:06]} e4 {[%emt 0:00:02]} 20. Qxd5 {
[%emt 0:00:01]} Nf6 {[%emt 0:00:05]} 21. Qd4 {[%emt 0:00:03]} Qxc2 {
[%emt 0:00:03]} 22. Na1 {[%emt 0:00:02]} Qc5 {[%emt 0:00:04]} 23. Be3 {
[%emt 0:00:03]} Qxd4 {[%emt 0:00:03]} 24. Bxd4 {[%emt 0:00:01]} Nxg4 {
[%emt 0:00:02]} 25. h3 {[%emt 0:00:01]} Nh6 {[%emt 0:00:01]} 26. Nc2 {
[%emt 0:00:04]} Nf5 {[%emt 0:00:02]} 27. b4 {[%emt 0:00:03]} Rac8 {
[%emt 0:00:02]} 28. Rd2 {[%emt 0:00:03]} Rxc2 {[%emt 0:00:02]} 29. Rxc2 {
[%emt 0:00:02]} Nxd4 {[%emt 0:00:01]} 30. Rc7 {[%emt 0:00:04]} e3 {
[%emt 0:00:01]} 31. Kh1 {[%emt 0:00:03]} Bh4 {[%emt 0:00:09]} 0-1

[Event "9. Forchheimer Sparkassen Open 2010"]
[Site "Forchheim"]
[Date "2010.10.03"]
[Round "4.2"]
[White "Golda, Harald"]
[Black "Holzhäuer, Mathias"]
[Result "1/2-1/2"]
[WhiteElo "2315"]
[BlackElo "2284"]
[PlyCount "78"]
[EventDate "2010.??.??"]
[WhiteTeam "Schachklub Schweinfurt 2000 e.V."]
[BlackTeam "SK Schmiden/Cannstatt"]

1. d4 {[%emt 0:00:00]} Nf6 {[%emt 0:00:02]} 2. Nf3 {[%emt 0:00:02]} e6 {
[%emt 0:00:01]} 3. c4 {[%emt 0:00:02]} Nc6 {[%emt 0:00:02]} 4. Nc3 {
[%emt 0:00:02]} Bb4 {[%emt 0:00:03]} 5. Qc2 {[%emt 0:00:07]} d6 {[%emt 0:00:02]
} 6. a3 {[%emt 0:00:03]} Bxc3+ {[%emt 0:00:01]} 7. Qxc3 {[%emt 0:00:02]} O-O {
[%emt 0:00:01]} 8. Bg5 {[%emt 0:00:03]} a5 {[%emt 0:00:00]} 9. e3 {
[%emt 0:00:03]} Re8 {[%emt 0:00:01]} 10. Be2 {[%emt 0:00:04]} e5 {
[%emt 0:00:01]} 11. d5 {[%emt 0:00:02]} Nb8 {[%emt 0:00:02]} 12. Qc2 {
[%emt 0:00:03]} Nbd7 {[%emt 0:00:01]} 13. b3 {[%emt 0:00:14]} h6 {
[%emt 0:00:03]} 14. Bh4 {[%emt 0:00:03]} c6 {[%emt 0:00:02]} 15. dxc6 {
[%emt 0:00:02]} bxc6 {[%emt 0:00:01]} 16. O-O {[%emt 0:00:03]} Qb6 {
[%emt 0:00:02]} 17. Rfd1 {[%emt 0:00:05]} d5 {[%emt 0:00:01]} 18. Rab1 {
[%emt 0:00:03]} Bb7 {[%emt 0:00:02]} 19. b4 {[%emt 0:00:02]} axb4 {
[%emt 0:00:02]} 20. axb4 {[%emt 0:00:01]} Ne4 {[%emt 0:00:02]} 21. b5 {
[%emt 0:00:06]} Qc5 {[%emt 0:00:01]} 22. Rdc1 {[%emt 0:00:03]} Ra3 {
[%emt 0:00:02]} 23. Qb2 {[%emt 0:00:02]} Qa7 {[%emt 0:00:01]} 24. bxc6 {
[%emt 0:00:02]} Bxc6 {[%emt 0:00:02]} 25. cxd5 {[%emt 0:00:00]} Bxd5 {
[%emt 0:00:01]} 26. Ra1 {[%emt 0:00:05]} Ra8 {[%emt 0:00:03]} 27. Rxa3 {
[%emt 0:00:05]} Qxa3 {[%emt 0:00:05]} 28. Qxa3 {[%emt 0:00:02]} Rxa3 {
[%emt 0:00:03]} 29. Be7 {[%emt 0:00:05]} Rb3 {[%emt 0:00:02]} 30. Bd1 {
[%emt 0:00:02]} Rb8 {[%emt 0:00:03]} 31. h3 {[%emt 0:00:00]} f6 {[%emt 0:00:02]
} 32. Ba4 {[%emt 0:00:04]} Nb6 {[%emt 0:00:02]} 33. Bd1 {[%emt 0:00:03]} Kf7 {
[%emt 0:00:02]} 34. Bb4 {[%emt 0:00:17]} Nc4 {[%emt 0:00:20]} 35. Be1 {
[%emt 0:00:04]} Rb2 {[%emt 0:00:03]} 36. Bc2 {[%emt 0:00:02]} Nc5 {
[%emt 0:00:01]} 37. Bc3 {[%emt 0:00:03]} Rb7 {[%emt 0:00:03]} 38. Nd2 {
[%emt 0:00:03]} Nxd2 {[%emt 0:00:04]} 39. Bxd2 {[%emt 0:00:02]} Nb3 {
[%emt 0:00:01]} 1/2-1/2

[Event "9. Forchheimer Sparkassen Open 2010"]
[Site "Forchheim"]
[Date "2010.10.03"]
[Round "4.3"]
[White "Walter, Thomas"]
[Black "Prusikin, Michael"]
[Result "0-1"]
[WhiteElo "2109"]
[BlackElo "2522"]
[PlyCount "114"]
[EventDate "2010.??.??"]
[WhiteTeam "SC Erlangen 48/88"]
[BlackTeam "SC Forchheim e.V."]

1. e4 {[%emt 0:00:00]} e6 {[%emt 0:00:07]} 2. d4 {[%emt 0:00:01]} d5 {
[%emt 0:00:02]} 3. Bd3 {[%emt 0:00:03]} dxe4 {[%emt 0:00:01]} 4. Bxe4 {
[%emt 0:00:01]} Nf6 {[%emt 0:00:11]} 5. Bf3 {[%emt 0:00:03]} Bd6 {
[%emt 0:00:02]} 6. Ne2 {[%emt 0:00:02]} Nbd7 {[%emt 0:00:02]} 7. Nbc3 {
[%emt 0:00:02]} c6 {[%emt 0:00:02]} 8. Bf4 {[%emt 0:00:03]} Bxf4 {
[%emt 0:00:04]} 9. Nxf4 {[%emt 0:00:04]} Qb6 {[%emt 0:00:49]} 10. O-O {
[%emt 0:00:02]} Qxb2 {[%emt 0:00:02]} 11. Qd3 {[%emt 0:00:02]} O-O {
[%emt 0:00:02]} 12. Rfe1 {[%emt 0:00:05]} Qa3 {[%emt 0:00:02]} 13. Re3 {
[%emt 0:00:02]} Rd8 {[%emt 0:00:02]} 14. Rae1 {[%emt 0:00:03]} Qd6 {
[%emt 0:00:02]} 15. Nce2 {[%emt 0:00:04]} Nf8 {[%emt 0:00:02]} 16. g4 {
[%emt 0:00:03]} e5 {[%emt 0:00:03]} 17. dxe5 {[%emt 0:00:05]} Qxd3 {
[%emt 0:00:01]} 18. Rxd3 {[%emt 0:00:02]} Rxd3 {[%emt 0:00:02]} 19. Nxd3 {
[%emt 0:00:02]} Nxg4 {[%emt 0:00:00]} 20. h3 {[%emt 0:00:02]} Nh6 {
[%emt 0:00:02]} 21. Rb1 {[%emt 0:00:13]} Ne6 {[%emt 0:00:04]} 22. Bg2 {
[%emt 0:00:02]} Kf8 {[%emt 0:00:02]} 23. Ng3 {[%emt 0:00:05]} Nd8 {
[%emt 0:00:03]} 24. Ne4 {[%emt 0:00:02]} Nf5 {[%emt 0:00:03]} 25. a4 {
[%emt 0:00:05]} a5 {[%emt 0:00:01]} 26. Ndc5 {[%emt 0:00:05]} Ke7 {
[%emt 0:00:02]} 27. Rb6 {[%emt 0:00:05]} Ra7 {[%emt 0:00:02]} 28. c3 {
[%emt 0:00:02]} h6 {[%emt 0:00:02]} 29. Kh2 {[%emt 0:00:02]} Ne6 {
[%emt 0:00:02]} 30. Bf3 {[%emt 0:00:02]} Nxc5 {[%emt 0:00:02]} 31. Nxc5 {
[%emt 0:00:07]} Kd8 {[%emt 0:00:02]} 32. Rb2 {[%emt 0:00:03]} Kc7 {
[%emt 0:00:02]} 33. Be2 {[%emt 0:00:03]} b6 {[%emt 0:00:07]} 34. Ne4 {
[%emt 0:00:11]} Be6 {[%emt 0:00:01]} 35. Bd3 {[%emt 0:00:03]} Ra8 {
[%emt 0:00:20]} 36. Be2 {[%emt 0:00:33]} Rd8 {[%emt 0:00:02]} 37. f4 {
[%emt 0:00:05]} Bd5 {[%emt 0:00:03]} 38. Nf2 {[%emt 0:00:03]} g5 {
[%emt 0:00:02]} 39. c4 {[%emt 0:00:03]} Be6 {[%emt 0:00:02]} 40. fxg5 {
[%emt 0:00:02]} hxg5 {[%emt 0:00:01]} 41. Ne4 {[%emt 0:00:04]} Rd4 {
[%emt 0:00:02]} 42. Nxg5 {[%emt 0:00:03]} Bxc4 {[%emt 0:00:02]} 43. Bxc4 {
[%emt 0:00:02]} Rxc4 {[%emt 0:00:02]} 44. Rf2 {[%emt 0:00:02]} Ne7 {
[%emt 0:00:02]} 45. Rxf7 {[%emt 0:00:03]} Kd7 {[%emt 0:00:02]} 46. Kg3 {
[%emt 0:00:03]} Rxa4 {[%emt 0:00:02]} 47. h4 {[%emt 0:00:02]} Ra1 {
[%emt 0:00:03]} 48. Kg2 {[%emt 0:00:02]} a4 {[%emt 0:00:27]} 49. Rf8 {
[%emt 0:00:03]} a3 {[%emt 0:00:02]} 50. Ra8 {[%emt 0:00:03]} Ng6 {
[%emt 0:00:01]} 51. Ra7+ {[%emt 0:00:03]} Kc8 {[%emt 0:00:03]} 52. e6 {
[%emt 0:00:02]} Nxh4+ {[%emt 0:00:00]} 53. Kf2 {[%emt 0:00:01]} Nf5 {
[%emt 0:00:01]} 54. Ne4 {[%emt 0:00:03]} Kb8 {[%emt 0:00:02]} 55. Rf7 {
[%emt 0:00:03]} a2 {[%emt 0:00:03]} 56. Nc3 {[%emt 0:00:03]} Rf1+ {
[%emt 0:00:02]} 57. Kxf1 {[%emt 0:00:01]} a1=Q+ {[%emt 0:00:02]} 0-1

[Event "9. Forchheimer Sparkassen Open 2010"]
[Site "Forchheim"]
[Date "2010.10.03"]
[Round "4.4"]
[White "Barnickel, Josef"]
[Black "Seyb, Alexander"]
[Result "1/2-1/2"]
[WhiteElo "2048"]
[BlackElo "2294"]
[PlyCount "62"]
[EventDate "2010.??.??"]
[WhiteTeam "SF Windheim e.V."]
[BlackTeam "SC Forchheim e.V."]

1. Nf3 {[%emt 0:00:00]} Nf6 {[%emt 0:00:01]} 2. c4 {[%emt 0:00:03]} c6 {
[%emt 0:00:01]} 3. d4 {[%emt 0:00:02]} d5 {[%emt 0:00:01]} 4. e3 {
[%emt 0:00:02]} a6 {[%emt 0:00:01]} 5. Bd3 {[%emt 0:00:02]} Bg4 {[%emt 0:00:01]
} 6. Nbd2 {[%emt 0:00:02]} Nbd7 {[%emt 0:00:02]} 7. Qb3 {[%emt 0:00:02]} Qc7 {
[%emt 0:00:02]} 8. O-O {[%emt 0:01:03]} e6 {[%emt 0:00:02]} 9. Ne5 {
[%emt 0:00:02]} Nxe5 {[%emt 0:00:02]} 10. dxe5 {[%emt 0:00:02]} Nd7 {
[%emt 0:00:01]} 11. f4 {[%emt 0:00:03]} Nc5 {[%emt 0:00:01]} 12. Qc2 {
[%emt 0:00:04]} Nxd3 {[%emt 0:00:02]} 13. Qxd3 {[%emt 0:00:02]} Rd8 {
[%emt 0:00:02]} 14. Qc3 {[%emt 0:00:03]} Qb6 {[%emt 0:00:01]} 15. Nb3 {
[%emt 0:00:03]} Bb4 {[%emt 0:00:02]} 16. c5 {[%emt 0:00:02]} Qb5 {
[%emt 0:00:01]} 17. Qd4 {[%emt 0:00:03]} b6 {[%emt 0:00:02]} 18. a4 {
[%emt 0:00:02]} Qc4 {[%emt 0:00:02]} 19. Bd2 {[%emt 0:00:02]} bxc5 {
[%emt 0:00:02]} 20. Qxc4 {[%emt 0:00:07]} dxc4 {[%emt 0:00:01]} 21. Bxb4 {
[%emt 0:00:03]} cxb4 {[%emt 0:00:01]} 22. Na5 {[%emt 0:00:03]} c3 {
[%emt 0:00:02]} 23. Nxc6 {[%emt 0:00:04]} cxb2 {[%emt 0:00:03]} 24. Rab1 {
[%emt 0:00:02]} Rd2 {[%emt 0:00:02]} 25. Rf2 {[%emt 0:00:02]} Be2 {
[%emt 0:00:01]} 26. Nd4 {[%emt 0:00:03]} Rd1+ {[%emt 0:00:02]} 27. Rxd1 {
[%emt 0:00:02]} Bxd1 {[%emt 0:00:02]} 28. Rxb2 {[%emt 0:00:01]} a5 {
[%emt 0:00:01]} 29. Nc6 {[%emt 0:00:03]} O-O {[%emt 0:00:03]} 30. Nxa5 {
[%emt 0:00:02]} b3 {[%emt 0:00:01]} 31. Kf2 {[%emt 0:00:02]} Ra8 {
[%emt 0:00:01]} 1/2-1/2

[Event "9. Forchheimer Sparkassen Open 2010"]
[Site "Forchheim"]
[Date "2010.10.03"]
[Round "4.5"]
[White "Schramm, Christian"]
[Black "Walter, Florian"]
[Result "1/2-1/2"]
[WhiteElo "2322"]
[BlackElo "2019"]
[PlyCount "83"]
[EventDate "2010.??.??"]
[WhiteTeam "SC 1959 Obernau"]
[BlackTeam "SV Lauf a.d.P."]

1. b3 {[%emt 0:00:00]} b6 {[%emt 0:00:01]} 2. Bb2 {[%emt 0:00:01]} Bb7 {
[%emt 0:00:01]} 3. f4 {[%emt 0:00:02]} Nf6 {[%emt 0:00:02]} 4. Nf3 {
[%emt 0:00:02]} e6 {[%emt 0:00:01]} 5. e3 {[%emt 0:00:01]} Be7 {[%emt 0:00:02]}
6. Be2 {[%emt 0:00:02]} O-O {[%emt 0:00:02]} 7. O-O {[%emt 0:00:01]} c5 {
[%emt 0:00:01]} 8. Qe1 {[%emt 0:00:02]} Nc6 {[%emt 0:00:01]} 9. a3 {
[%emt 0:00:01]} d5 {[%emt 0:00:01]} 10. d4 {[%emt 0:00:02]} Ne4 {[%emt 0:00:02]
} 11. Nbd2 {[%emt 0:00:02]} f5 {[%emt 0:00:01]} 12. Rd1 {[%emt 0:00:02]} Rc8 {
[%emt 0:00:02]} 13. dxc5 {[%emt 0:00:02]} Nxc5 {[%emt 0:00:03]} 14. c4 {
[%emt 0:00:02]} Bf6 {[%emt 0:00:00]} 15. Bxf6 {[%emt 0:00:03]} Qxf6 {
[%emt 0:00:02]} 16. cxd5 {[%emt 0:00:06]} exd5 {[%emt 0:00:01]} 17. b4 {
[%emt 0:00:02]} Na4 {[%emt 0:00:02]} 18. Nb3 {[%emt 0:00:02]} Qc3 {
[%emt 0:00:02]} 19. Rd3 {[%emt 0:00:02]} Qxe1 {[%emt 0:00:02]} 20. Rxe1 {
[%emt 0:00:06]} Ba6 {[%emt 0:00:02]} 21. Rd2 {[%emt 0:00:03]} Bxe2 {
[%emt 0:00:36]} 22. Rexe2 {[%emt 0:00:03]} Ne7 {[%emt 0:00:02]} 23. Rc2 {
[%emt 0:00:03]} Nc3 {[%emt 0:00:02]} 24. Re1 {[%emt 0:00:15]} Nb5 {
[%emt 0:00:01]} 25. Rxc8 {[%emt 0:00:07]} Rxc8 {[%emt 0:00:03]} 26. a4 {
[%emt 0:00:02]} Nc3 {[%emt 0:00:02]} 27. Nbd4 {[%emt 0:00:02]} Rc4 {
[%emt 0:00:24]} 28. a5 {[%emt 0:00:02]} Rxb4 {[%emt 0:00:02]} 29. axb6 {
[%emt 0:00:18]} axb6 {[%emt 0:00:01]} 30. Ne5 {[%emt 0:00:04]} Ne4 {
[%emt 0:00:05]} 31. Ra1 {[%emt 0:00:03]} h6 {[%emt 0:01:08]} 32. h4 {
[%emt 0:00:03]} Nd6 {[%emt 0:00:01]} 33. Ra8+ {[%emt 0:00:03]} Kh7 {
[%emt 0:00:02]} 34. h5 {[%emt 0:00:01]} Ndc8 {[%emt 0:00:02]} 35. Nxf5 {
[%emt 0:00:03]} Rb1+ {[%emt 0:00:03]} 36. Kh2 {[%emt 0:00:02]} Nxf5 {
[%emt 0:00:02]} 37. Rxc8 {[%emt 0:00:02]} Ne7 {[%emt 0:00:04]} 38. Rc7 {
[%emt 0:00:02]} Ng8 {[%emt 0:00:02]} 39. Nd7 {[%emt 0:00:02]} Re1 {
[%emt 0:00:02]} 40. Nxb6 {[%emt 0:00:03]} Nf6 {[%emt 0:00:03]} 41. Rc5 {
[%emt 0:00:03]} Rxe3 {[%emt 0:00:02]} 42. Kg1 {[%emt 0:00:02]} 1/2-1/2

[Event "9. Forchheimer Sparkassen Open 2010"]
[Site "Forchheim"]
[Date "2010.10.03"]
[Round "4.6"]
[White "Grafe, Wilhelm"]
[Black "Gegenfurtner, Jürgen"]
[Result "1/2-1/2"]
[WhiteElo "2202"]
[BlackElo "2116"]
[PlyCount "49"]
[EventDate "2010.??.??"]
[WhiteTeam "SC Forchheim e.V."]
[BlackTeam "TSV Wacker Neutraubling"]

1. Nf3 {[%emt 0:00:00]} d5 {[%emt 0:00:02]} 2. d4 {[%emt 0:00:02]} Nf6 {
[%emt 0:00:01]} 3. g3 {[%emt 0:00:01]} e6 {[%emt 0:00:01]} 4. Bg2 {
[%emt 0:00:01]} Be7 {[%emt 0:00:01]} 5. O-O {[%emt 0:00:04]} O-O {
[%emt 0:00:02]} 6. c4 {[%emt 0:00:02]} c6 {[%emt 0:00:01]} 7. Nc3 {
[%emt 0:00:02]} b6 {[%emt 0:00:01]} 8. b3 {[%emt 0:00:02]} Bb7 {[%emt 0:00:01]}
9. Bb2 {[%emt 0:00:02]} a5 {[%emt 0:00:01]} 10. Qc2 {[%emt 0:00:02]} Na6 {
[%emt 0:00:02]} 11. Rfd1 {[%emt 0:00:02]} Rc8 {[%emt 0:00:02]} 12. Rac1 {
[%emt 0:00:02]} Re8 {[%emt 0:00:02]} 13. e4 {[%emt 0:00:02]} Nxe4 {
[%emt 0:00:00]} 14. Nxe4 {[%emt 0:00:02]} Nb4 {[%emt 0:00:04]} 15. Qb1 {
[%emt 0:00:01]} dxe4 {[%emt 0:00:02]} 16. Ne5 {[%emt 0:00:02]} f5 {
[%emt 0:00:02]} 17. a3 {[%emt 0:00:02]} Na6 {[%emt 0:00:02]} 18. f3 {
[%emt 0:00:02]} exf3 {[%emt 0:00:02]} 19. Bxf3 {[%emt 0:00:05]} Bf6 {
[%emt 0:00:02]} 20. Rd3 {[%emt 0:00:02]} Qc7 {[%emt 0:00:02]} 21. Re1 {
[%emt 0:00:07]} Rcd8 {[%emt 0:00:02]} 22. Rde3 {[%emt 0:00:04]} c5 {
[%emt 0:00:01]} 23. d5 {[%emt 0:00:02]} exd5 {[%emt 0:00:02]} 24. cxd5 {
[%emt 0:00:03]} Bg5 {[%emt 0:00:02]} 25. R3e2 {[%emt 0:00:04]} 1/2-1/2